|
|
|
|
| LEADER |
00000nab a2200000 a 4500 |
| 001 |
vtls000386490 |
| 003 |
SK-MaSNL |
| 005 |
20260304081401.0 |
| 008 |
250424c1989 xo 0 slo |
| 015 |
|
|
|a SNBRB19rr/mm-uuuuu
|
| 035 |
|
|
|a CL0386613
|
| 035 |
|
|
|a urn:nbn:sk:snk-ab1ob2
|
| 035 |
|
|
|a (urnnbn)urn:nbn:sk:snk:ar-004quo
|
| 035 |
|
|
|a (uuid)bf958a0c-7efd-490b-bfd8-0788d849fb5c
|
| 040 |
|
|
|a SNKBUCL
|b slo
|c SNKBUCL
|e AACR2
|
| 041 |
0 |
|
|a cze
|
| 044 |
|
|
|a xo
|c SK
|
| 080 |
|
|
|a 541.182.64:615
|2 1981
|
| 080 |
|
|
|a 615
|2 1981
|
| 100 |
1 |
|
|a Dittrich, M.
|4 aut
|9 1148514
|
| 245 |
1 |
0 |
|a Reometrie gelů - charakteristiky a metody měření
|c M. Dittrich
|
| 300 |
|
|
|b Obr. 4. Sch. 1. Res. angl., nem., rus., lit. 51 zázn. v češ., ruš., angl.
|
| 650 |
0 |
7 |
|a gély
|2 snkbucl
|9 49707
|
| 650 |
0 |
7 |
|a reometria gélov
|2 snkbucl
|9 1369873
|
| 650 |
0 |
7 |
|a liečivé prípravky
|2 snkbucl
|9 84057
|
| 655 |
|
7 |
|a články z novín a časopisov
|2 snkbucl
|9 267496
|
| 773 |
0 |
|
|t Farmaceutický obzor
|g Roč. 58, č. 9 (1989), s. 385-393
|
| 850 |
|
|
|a Slovenská národná knižnica
|
| 852 |
|
|
|a Slovenská národná knižnica
|
| 954 |
|
|
|a odborná, vedecká literatúra cudzojazyčná (svetová)
|2 lita
|
| 954 |
|
|
|a odborná, vedecká literatúra pôvodná (slovenská)
|2 lita
|
| 958 |
|
|
|a article27
|
| 958 |
|
|
|a OND
|
| 958 |
|
|
|a NB
|
| 958 |
|
|
|a RK
|
| 958 |
|
|
|a MI
|
| 958 |
|
|
|a CZ
|
| 958 |
|
|
|a EUIPO
|
| 992 |
|
|
|a RBX
|
| 999 |
|
|
|c 2790607
|d 2792537
|